000 00271nam a22001097a 4500
082 _a940.53 CHU'S
100 _aCHURCHILL, WINSTON
_949036
245 _aTHE SECOND WORLD WAR THE GRAND ALLIANCE
260 _aLONDON
_bCASSELL
_c1950
300 _aVOL-3,4,1,6,5
942 _cBK
999 _c582108
_d582108